Comprendre la phénoménologie : Une pratique concrète (notice n° 2197546)
[ vue normale ]
| 000 -LEADER | |
|---|---|
| fixed length control field | 00983cam a2200145 4500500 |
| 005 - DATE AND TIME OF LATEST TRANSACTION | |
| control field | 20260405085432.0 |
| 041 ## - LANGUAGE CODE | |
| Language code of text/sound track or separate title | fre |
| 042 ## - AUTHENTICATION CODE | |
| Authentication code | dc |
| 100 10 - MAIN ENTRY--PERSONAL NAME | |
| Personal name | Depraz, Nathalie |
| Relator term | author |
| 245 00 - TITLE STATEMENT | |
| Title | Comprendre la phénoménologie : Une pratique concrète |
| 260 ## - PUBLICATION, DISTRIBUTION, ETC. | |
| Name of publisher, distributor, etc. | Armand Colin,<br/> |
| Date of publication, distribution, etc. | 2012.<br/> |
| 520 ## - SUMMARY, ETC. | |
| Summary, etc. | Cet ouvrage, devenu référence, synthétise les multiples spécificités de la phénoménologie dans une logique dynamique, en apportant un éclairage inédit sur des thèmes majeurs : la nécessité de la relation à l'expérience, la description comme mode de formulation philosophique, la recherche d'une méthode sans présuppositions. Elle permet aux étudiants de s'approprier cette démarche philosophique dans sa mise à l'épreuve pratique, et en relation avec d'autres disciplines et champs d'expérience. |
| 700 10 - ADDED ENTRY--PERSONAL NAME | |
| Personal name | Depraz, Natalie |
| Relator term | author |
| 856 41 - ELECTRONIC LOCATION AND ACCESS | |
| Uniform Resource Identifier | <a href="https://shs.cairn.info/comprendre-la-phenomenologie--9782200281472?lang=fr&redirect-ssocas=7080">https://shs.cairn.info/comprendre-la-phenomenologie--9782200281472?lang=fr&redirect-ssocas=7080</a> |
Pas d'exemplaire disponible.




Réseaux sociaux